Československá daňová reforma. 2. Daň z přidané hodnoty.

Podnikatelia, ktorí môžu byť oslobodení od platenia dane z pridanej hodnoty (DPH). Hlavné ciele daňového oslobodenia subjektov (potenciálnych platcov daní). Možnosť zrušiť registráciu platcov DPH. Činnosti, ktoré sú zo zákona oslobodené od DPH. Vystavenie daňového dokladu ako deň povinnosti uhradiť...

Descripción completa

Guardado en:
Detalles Bibliográficos
Autor principal: Klak, J.
Formato: Capítulo de libro
Lenguaje:checo
Materias:
Etiquetas: Agregar Etiqueta
Sin Etiquetas, Sea el primero en etiquetar este registro!

MARC

LEADER 00000naa a2200000 4500
001 r008389
005 20220831083544.8
041 0 |a cze 
044 |a [CS] 
245 1 0 |a Československá daňová reforma. 2.  |b Daň z přidané hodnoty.  |c J. Klak 
520 |a Podnikatelia, ktorí môžu byť oslobodení od platenia dane z pridanej hodnoty (DPH). Hlavné ciele daňového oslobodenia subjektov (potenciálnych platcov daní). Možnosť zrušiť registráciu platcov DPH. Činnosti, ktoré sú zo zákona oslobodené od DPH. Vystavenie daňového dokladu ako deň povinnosti uhradiť DPH. Penále a pokuty za porušenie daňových povinnosti. Pravdepodobné dopady schválených sadzieb DPH na obyvateľstvo. 
610 2 0 |a dane z hodnoty pridanej 
610 2 0 |a reformy daňové 
610 2 0 |a ČSFR 
610 2 0 |a 1993 
610 2 0 |a registre 
100 1 |a Klak, J.